<?xml version="1.0" encoding="UTF-8"?>
<record
    xmlns:xsi="http://www.w3.org/2001/XMLSchema-instance"
    xsi:schemaLocation="http://www.loc.gov/MARC21/slim http://www.loc.gov/standards/marcxml/schema/MARC21slim.xsd"
    xmlns="http://www.loc.gov/MARC21/slim">

  <leader>00323nam a2200133Ia 4500</leader>
  <controlfield tag="008">240614s9999    xx            000 0 und d</controlfield>
  <datafield tag="041" ind1=" " ind2=" ">
    <subfield code="a">eng</subfield>
  </datafield>
  <datafield tag="100" ind1=" " ind2=" ">
    <subfield code="a">Dhumal, K. N. &amp; Others</subfield>
    <subfield code="9">206939</subfield>
  </datafield>
  <datafield tag="245" ind1=" " ind2=" ">
    <subfield code="a">Environment Studies </subfield>
  </datafield>
  <datafield tag="250" ind1=" " ind2=" ">
    <subfield code="a">3rd</subfield>
  </datafield>
  <datafield tag="260" ind1=" " ind2=" ">
    <subfield code="b">Nirali</subfield>
    <subfield code="c">2022</subfield>
    <subfield code="a">Pune</subfield>
  </datafield>
  <datafield tag="300" ind1=" " ind2=" ">
    <subfield code="a">R.2</subfield>
  </datafield>
  <datafield tag="650" ind1=" " ind2=" ">
    <subfield code="a">Geography</subfield>
    <subfield code="9">206940</subfield>
  </datafield>
  <datafield tag="999" ind1=" " ind2=" ">
    <subfield code="c">358266</subfield>
    <subfield code="d">358266</subfield>
  </datafield>
  <datafield tag="952" ind1=" " ind2=" ">
    <subfield code="0">0</subfield>
    <subfield code="1">0</subfield>
    <subfield code="2">ddc</subfield>
    <subfield code="4">0</subfield>
    <subfield code="7">0</subfield>
    <subfield code="8">Geography</subfield>
    <subfield code="a">SSMM</subfield>
    <subfield code="b">SSMM</subfield>
    <subfield code="c">F.Y.B.Sc. (Comp.)</subfield>
    <subfield code="d">2022-01-12</subfield>
    <subfield code="e">Nirali</subfield>
    <subfield code="g">180.00</subfield>
    <subfield code="i">P 53273</subfield>
    <subfield code="l">7</subfield>
    <subfield code="p">SSMM-BK-31376</subfield>
    <subfield code="r">2025-12-24 14:53:27</subfield>
    <subfield code="s">2025-12-18</subfield>
    <subfield code="w">2022-01-12</subfield>
    <subfield code="y">BK</subfield>
    <subfield code="z">010031376</subfield>
  </datafield>
</record>
